| 000 | 00932nam a22002297a 4500 | ||
|---|---|---|---|
| 005 | 20240312123349.0 | ||
| 008 | 240312b ||||| |||| 00| 0 eng d | ||
| 020 | _a9781138708082 | ||
| 040 | _cAL | ||
| 041 | _aeng | ||
| 082 |
_223 _a801.95 _bMALR |
||
| 100 |
_aSimon Malpas _9153887 |
||
| 245 | _aRoutledge companion to critical and cultural theory | ||
| 250 | _a2nd ed. | ||
| 260 |
_aLondon _bRoutledge _c2024 |
||
| 300 |
_axv,342p. _bPB _c23x15cm. |
||
| 365 |
_2General _a8632 _b₹1196.00 _c₹ _d₹1495.00 _e20% _f09/03/2024 |
||
| 520 | _aTheory, history, context; structuralism and semiotics; narrative and narratology; Marxism; poststructuralism;historicism;psychoanalytic criticism;deconstruction;feminism;gender and queer thoery;postmodernism;race and postcoloniality; green thory;trauma studies. | ||
| 650 |
_2Literary Theory _aLiterary theory and criticism _9153888 |
||
| 700 |
_aWake Paul _9153889 |
||
| 942 |
_2ddc _cBK |
||
| 999 |
_c230237 _d230237 |
||